000 00551cam a22001934a 4500
005 20250605164158.0
008 250528s ||||||||||||||||||||||||d
035 _a19669
020 _a9602861347
040 _aGR-AtMCL
_bgre
_dGR-AtMCL
_eAACR2
245 1 _aΠΟΛΥΓΛΩΣΣΟ ΛΕΞΙΚΟ ΤΟΥΡΙΣΤΙΚΩΝ ΚΑΙ ΕΠΙΣΙΤΙΣΤΙΚΩΝ ΟΡΩΝ
250 _a1
260 _bΈλλην,
_c1995
300 _a98
700 1 _aΜαυρος Κωνσταντινος
_95873
942 _cBK
999 _c4925
_d4925